|
|
|
|
| LEADER |
00000nam a2200000 i 4500 |
| 001 |
1/65922 |
| 008 |
960614s1993 gre d |
| 035 |
|
|
|l 10029727
|
| 040 |
|
|
|a GR-MY-UA
|b gre
|e aacr
|
| 041 |
0 |
|
|a gre
|
| 082 |
0 |
|
|a 658.83
|
| 100 |
1 |
|
|a Κεχαγιάς, Γιάννης.
|
| 245 |
1 |
0 |
|a Σημειώσεις έρευνας marketing /
|c Γιάννης Δ. Κεχαγιάς
|
| 260 |
|
|
|a Πειραιάς :
|b [χ.ό.],
|c 1993
|
| 300 |
|
|
|a 110 σ.
|
| 500 |
|
|
|a Περιέχει βοηθητική κάρτα ερωτηματολογίου
|
| 650 |
0 |
0 |
|a Marketing research.
|
| 852 |
|
|
|a INST
|b CHIOS
|e 19960614
|h 658.83 ΚΕΧ
|p 005200007895
|q 005200007895
|t BK
|y 0
|
| 852 |
|
|
|a INST
|b CHIOS
|e 20010710
|h 658.83 ΚΕΧ
|p 005200008437
|q 005200008437
|t BK
|y 0
|
| 852 |
|
|
|a INST
|b CHIOS
|e 19961015
|h 658.83 ΚΕΧ
|p 005200011324
|q 005200011324
|t BK
|y 0
|
| 852 |
|
|
|a INST
|b CHIOS
|e 20010314
|h 658.83 ΚΕΧ
|p 005200021566
|q 005200021566
|t BK
|y 0
|
| 901 |
|
|
|a BIBL2-2001-1
|
| 909 |
|
|
|a Χ
|b 083368
|
| 909 |
|
|
|a Χ
|b 047516
|
| 909 |
|
|
|a Χ
|b 045693
|
| 909 |
|
|
|a Χ
|b 045541
|
| 920 |
|
|
|a ΤΜΗΜΑ ΝΑΥΤΙΛΙΑΣ ΚΑΙ ΕΠΙΧΕΙΡΗΜΑΤΙΚΩΝ ΥΠΗΡΕΣΙΩΝ
|y ΧΙΟΣ
|z 2000-12
|